000
00288nam a2200109Ia 4500
008
230907s9999||||xx |||||||||||||| ||und||
082
_a
333.794,ENE
245
0
_a
Energy sustainability through green energy/
260
_a
Springer
_b
New York
_c
2015
300
_a
xxvi, 521 p.:
942
_c
BK
999
_c
597529
_d
597529